000 00887nam a2200301 a 4500
003 AR-BaBNM
005 20251128205500.0
008 082120s2002 ||||||||||||||000 | spa||
020 _a84-610-1001-9
040 _cAR-BaBNM
100 1 _aWiller, David
245 0 0 _aLa sociología científica
_bteoría y método
250 _a1ª ed.
260 _aBuenos Aires
_bAmorrortu
_c1977
300 _a196 p.
_btablas
490 0 _aBiblioteca de sociología
500 _aContiene referencias bibliográficas en notas a pie de página
650 4 _aSOCIOLOGIA DE LAS CIENCIAS
650 4 _aEPISTEMOLOGIA
650 4 _aCONOCIMIENTO
650 4 _aESTRUCTURA DEL CONOCIMIENTO
650 4 _aSOCIOLOGIA DEL CONOCIMIENTO
700 1 _aLeal, Aníbal C.
_etraductor
700 1 _aAmadasi, Enrique
_erevisión
800 1 _aRigal, Luis A.
_edirector
942 _cBK
998 _csilvi
999 _c11570
_d11570